| 000 | 00616nam a2200205 4500 | ||
|---|---|---|---|
| 001 | 112916 | ||
| 003 | ES-MaACL | ||
| 005 | 20230906185710.0 | ||
| 007 | t| | ||
| 008 | 061121s1982 sp r ||||1| spa d | ||
| 100 | 1 |
_aMuschg, Adolf. _984672 |
|
| 245 | 1 | 4 |
_aLas razones de Albissers / _cAdolf Muschg ; traducción de Andrés Linares. |
| 260 |
_aMadrid : _bAlfaguara, _c1982. |
||
| 300 |
_a434 p. ; _c20 cm. |
||
| 490 | 1 |
_aLiteratura Alfaguara ; _v77 |
|
| 700 | 1 |
_aLinares, Andrés. _972328 |
|
| 830 | 0 |
_aLiteratura Alfaguara ; _v77 _9178100 |
|
| 852 |
_aES-MaACL _jL-2341 _bR.102800 |
||
| 999 |
_c112916 _d112916 |
||